000 00345nam a2200157Ia 4500
008 200103s9999||||xx |||||||||||||| ||und||
020 _a9789280141987
040 _aIMU-MPC
082 _aColumn-5
100 _aIMO
245 0 _aInternational Code of Signals
250 _a5th ed.
260 _bIMO
_c2006
300 _avii, 198
942 _cBK
999 _c3353
_d3353